00971 2200349 4500001002100000005001500021035002000036007000300056040001700059100003300076245006700109250001400176300004600190504002500236020001800261041000800279082001100287084001700298090002100315264003800336336002100374337003000395338002300425650002300448850001000471008004100481990001800522990001800540990002100558990002100579990002100600INLIS00000000000494520260516082825 a0010-0222000035ta aSBPUPADbind0 aSoerjono SoekantoePengarang1 aSosiologi Keluarga :bTentang Ikhwal Keluarga, Remaja dan Anak a.--Cet 3 aviii, 205 hal. :billus. ;c14 x 20,5 cm abibliografi, 205 hlm a979-518-114-9 aind a306. 8 a306. 8 SOE s a306. 8 SOE s 8-5 a.--jakarta :bRineka Cipta,c2009 2rdacontentaTeks 2rdamediaaTanpa Perantara 2rdacarrieraVolume 4aSosiologi Keluarga aPUPAD260516 0  a14380/BR/2014 a14382/BR/2014 a278/BR/KAPD/2011 a277/BR/KAPD/2011 a279/BR/KAPD/2011